000 00446nam a22001697a 4500
003 SGT
020 _a9789350901878
082 _a614.44
_bM24R
100 _aROY, RABINDRA NATH
245 _aMAHAJAN & GUPTA TEXT BOOK OF PREVENTIVE AND SOCIAL MEDICINE
250 _a4TH
260 _aNEW DELHI
_bCBS. PUB
_c2024
300 _a703
650 _aPREVENTIVE MEDICINE
653 _aMAHAJAN,GUPTA , PREVENTIVE , SOCIAL , MEDICINE
942 _2ddc
_cBK
999 _c29177
_d29177